500 biggest cities in the world - Statistics

General Stats
  • This quiz has been taken 57 times
  • The average score is 298 of 500
Answer Stats
# Country Answer Population % Correct
2 Japan Tokyo 40,500,000
100%
5 India Delhi 31,300,000
98%
25 United Kingdom London 14,800,000
98%
9 Mexico Mexico City 24,500,000
98%
20 Russia Moscow 17,400,000
98%
11 United States New York 21,800,000
98%
33 France Paris 11,400,000
98%
29 Brazil Rio de Janeiro 13,300,000
98%
8 South Korea Seoul 25,000,000
98%
15 China Beijing 20,000,000
96%
22 Argentina Buenos Aires 16,600,000
96%
60 United States Dallas 7,300,000
96%
19 United States Los Angeles 17,600,000
96%
67 Spain Madrid 6,700,000
96%
6 Philippines Manila 26,300,000
96%
71 United States Miami 6,350,000
96%
7 India Mumbai 25,600,000
96%
3 China Shanghai 34,100,000
96%
149 Greece Athens 3,500,000
94%
16 Thailand Bangkok 19,400,000
94%
100 Spain Barcelona 4,875,000
94%
105 Germany Berlin 4,750,000
94%
40 Colombia Bogotá 9,800,000
94%
12 Egypt Cairo 21,500,000
94%
23 Turkey Istanbul 16,200,000
94%
4 Indonesia Jakarta 32,100,000
94%
43 Malaysia Kuala Lumpur 9,150,000
94%
34 Peru Lima 11,100,000
94%
216 Portugal Lisbon 2,500,000
94%
59 United States Philadelphia 7,350,000
94%
149 Italy Rome 3,500,000
94%
54 United States San Francisco 7,750,000
94%
87 Australia Sydney 5,400,000
94%
216 Netherlands Amsterdam 2,500,000
92%
90 Turkey Ankara 5,150,000
92%
61 Iraq Baghdad 7,150,000
92%
175 United Kingdom Birmingham 3,150,000
92%
199 Belgium Brussels 2,725,000
92%
208 Hungary Budapest 2,625,000
92%
41 United States Chicago 9,650,000
92%
1 China Guangzhou 47,600,000
92%
26 South Africa Johannesburg 14,200,000
92%
14 Nigeria Lagos 20,100,000
92%
176 United Kingdom Manchester 3,075,000
92%
339 France Marseille 1,680,000
92%
73 Italy Milan 6,150,000
92%
370 Portugal Porto 1,550,000
92%
180 North Korea Pyongyang 2,975,000
92%
10 Brazil São Paulo 22,600,000
92%
52 Singapore Singapore 7,900,000
92%
243 Sweden Stockholm 2,250,000
92%
84 Russia St. Petersburg 5,650,000
92%
24 Iran Tehran 15,500,000
92%
57 Canada Toronto 7,650,000
92%
208 Azerbaijan Baku 2,625,000
90%
253 Romania Bucharest 2,200,000
90%
98 Germany Cologne/Düsseldorf 5,000,000
90%
335 Denmark Copenhagen 1,690,000
90%
132 Syria Damascus 3,900,000
90%
81 United Arab Emirates Dubai 5,700,000
90%
335 United Kingdom Glasgow 1,690,000
90%
188 Germany Hamburg 2,875,000
90%
126 Vietnam Hanoi 4,025,000
90%
441 Finland Helsinki 1,320,000
90%
154 Ukraine Kiev 3,475,000
90%
292 France Lyon 1,900,000
90%
241 Germany Munich 2,275,000
90%
75 Kenya Nairobi 6,100,000
90%
118 Italy Naples 4,150,000
90%
49 Saudi Arabia Riyadh 8,400,000
90%
164 Netherlands Rotterdam 3,275,000
90%
199 Israel Tel Aviv-Jaffa 2,725,000
90%
199 Tunisia Tunis 2,725,000
90%
251 Austria Vienna 2,225,000
90%
126 Algeria Algiers 4,025,000
88%
124 Brazil Brasília 4,050,000
88%
13 Bangladesh Dhaka 20,300,000
88%
415 Ireland Dublin 1,400,000
88%
251 Cuba Havana 2,225,000
88%
35 Vietnam Ho Chi Minh City 10,600,000
88%
66 United States Houston 6,800,000
88%
307 United Kingdom Liverpool 1,880,000
88%
95 Australia Melbourne 5,050,000
88%
482 Australia Melbourne 1,220,000
88%
18 Japan Osaka 17,700,000
88%
366 Panama Panama City 1,560,000
88%
395 Czech Republic Prague 1,460,000
88%
273 Morocco Rabat 2,075,000
88%
53 Chile Santiago de Chile 7,800,000
88%
185 Canada Vancouver 2,900,000
88%
231 Poland Warsaw 2,350,000
88%
47 United States Washington D.C. 8,550,000
88%
397 Switzerland Zürich 1,450,000
88%
132 Ethiopia Addis Ababa 3,900,000
87%
387 New Zealand Auckland 1,490,000
87%
56 United States Boston 7,700,000
87%
115 South Africa Cape Town 4,300,000
87%
239 Qatar Doha 2,300,000
87%
164 Germany Frankfurt am Main 3,275,000
87%
171 Guatemala Guatemala City 3,200,000
87%
110 Afghanistan Kabul 4,475,000
87%
21 India Kolkata 17,000,000
87%
28 Pakistan Lahore 13,500,000
87%
310 Uruguay Montevideo 1,870,000
87%
113 Canada Montréal 4,325,000
87%
159 Haiti Port-au-Prince 3,325,000
87%
43 Taiwan Taipei 9,150,000
87%
281 Venezuela Valencia 2,025,000
87%
310 Spain Valencia 1,870,000
87%
76 Egypt Alexandria 5,950,000
85%
77 United States Atlanta 5,900,000
85%
108 Morocco Casablanca 4,550,000
85%
131 Senegal Dakar 3,925,000
85%
58 China Hong Kong 7,550,000
85%
142 Uganda Kampala 3,675,000
85%
17 Pakistan Karachi 18,200,000
85%
171 Nepal Kathmandu 3,200,000
85%
27 D.R. Congo Kinshasa 13,900,000
85%
262 United Kingdom Leeds 2,150,000
85%
277 Belarus Minsk 2,050,000
85%
185 Yemen Sana'a 2,900,000
85%
229 Costa Rica San José 2,375,000
85%
110 United States Seattle 4,475,000
85%
228 Germany Stuttgart 2,400,000
85%
42 China Wuhan 9,250,000
85%
359 United Arab Emirates Abu Dhabi 1,580,000
83%
81 Jordan Amman 5,700,000
83%
31 India Bangalore 12,700,000
83%
319 Lebanon Beirut 1,790,000
83%
137 Venezuela Caracas 3,775,000
83%
78 United States Detroit 5,750,000
83%
86 Mexico Guadalajara 5,550,000
83%
37 India Hyderabad 10,400,000
83%
237 India Hyderabad 2,325,000
83%
392 United States Jacksonville 1,470,000
83%
90 Saudi Arabia Jeddah 5,150,000
83%
69 Sudan Khartoum 6,500,000
83%
109 Kuwait Kuwait City 4,500,000
83%
239 United States Las Vegas 2,300,000
83%
48 Angola Luanda 8,450,000
83%
120 Colombia Medellín 4,100,000
83%
287 Somalia Mogadishu 2,000,000
83%
85 Mexico Monterrey 5,600,000
83%
489 Norway Oslo 1,210,000
83%
273 Australia Perth 2,075,000
83%
193 Ecuador Quito 2,775,000
83%
307 El Salvador San Salvador 1,880,000
83%
448 Spain Seville 1,300,000
83%
448 Bulgaria Sofia 1,300,000
83%
351 Italy Turin 1,610,000
83%
427 Australia Adelaide 1,360,000
81%
403 Serbia Belgrade 1,430,000
81%
170 Australia Brisbane 3,225,000
81%
32 India Chennai 11,600,000
81%
307 Japan Hiroshima 1,880,000
81%
268 Bolivia La Paz 2,125,000
81%
253 Saudi Arabia Mecca 2,200,000
81%
455 Canada Ottawa 1,290,000
81%
211 Cambodia Phnom Penh 2,575,000
81%
103 United States Phoenix 4,800,000
81%
221 United States Portland 2,450,000
81%
159 United States San Diego 3,325,000
81%
455 Libya Tripoli 1,290,000
81%
403 Mongolia Ulaanbaatar 1,430,000
81%
62 China Xi'an 7,100,000
81%
89 Ghana Accra 5,200,000
79%
477 Belgium Antwerp 1,230,000
79%
229 Paraguay Asunción 2,375,000
79%
287 United States Austin 2,000,000
79%
95 Brazil Belo Horizonte 5,050,000
79%
122 South Korea Busan 4,075,000
79%
70 Tanzania Dar es Salaam 6,450,000
79%
135 United States Denver 3,800,000
79%
154 South Africa Durban 3,475,000
79%
171 United States Minneapolis 3,200,000
79%
496 Kazakhstan Nur-Sultan 1,180,000
79%
129 Dominican Republic Santo Domingo 4,000,000
79%
382 Armenia Yerevan 1,500,000
79%
140 Nigeria Abuja 3,725,000
77%
45 India Ahmedabad 8,750,000
77%
178 United States Cleveland 3,050,000
77%
102 Sri Lanka Colombo 4,825,000
77%
191 Zambia Lusaka 2,800,000
77%
231 Mozambique Maputo 2,350,000
77%
36 Japan Nagoya 10,500,000
77%
149 United States Orlando 3,500,000
77%
243 United States San Antonio 2,250,000
77%
427 Georgia Tbilisi 1,360,000
77%
149 Cameroon Yaoundé 3,500,000
77%
78 Ivory Coast Abidjan 5,750,000
75%
231 Rep. of the Congo Brazzaville 2,350,000
75%
376 Canada Calgary 1,520,000
75%
185 Colombia Cali 2,900,000
75%
216 United States Charlotte 2,500,000
75%
39 India Chengdu 10,000,000
75%
191 United States Cincinnati 2,800,000
75%
321 United States Columbus 1,770,000
75%
424 Canada Edmonton 1,370,000
75%
281 Palestine Gaza 2,025,000
75%
273 Zimbabwe Harare 2,075,000
75%
178 Turkey Izmir 3,050,000
75%
358 Saudi Arabia Medina 1,590,000
75%
343 Liberia Monrovia 1,650,000
75%
205 Burkina Faso Ouagadougou 2,650,000
75%
281 United States Pittsburgh 2,025,000
75%
62 India Pune 7,100,000
75%
231 United States St. Louis 2,350,000
75%
163 Uzbekistan Tashkent 3,300,000
75%
30 China Tianjin 13,200,000
75%
78 Myanmar Yangon 5,750,000
75%
298 Syria Aleppo 1,940,000
73%
197 Madagascar Antananarivo 2,750,000
73%
313 Sierra Leone Freetown 1,860,000
73%
287 United States Kansas City 2,000,000
73%
348 Ukraine Kharkiv 1,630,000
73%
438 Oman Muscat 1,330,000
73%
271 United States Sacramento 2,100,000
73%
145 Brazil Salvador 3,625,000
73%
110 United States Tampa 4,475,000
73%
210 Guinea Conakry 2,600,000
71%
455 Morocco Fes 1,290,000
71%
477 Rwanda Kigali 1,230,000
71%
448 France Lille 1,300,000
71%
255 Togo Lomé 2,175,000
71%
431 Nicaragua Managua 1,350,000
71%
382 United States Nashville 1,500,000
71%
327 Russia Nizhny Novgorod 1,730,000
71%
134 Brazil Recife 3,850,000
71%
477 Central African Republic Bangui 1,230,000
69%
49 China Chongqing 8,400,000
69%
140 Brazil Fortaleza 3,725,000
69%
281 United States Indianapolis 2,025,000
69%
101 Nigeria Kano 4,850,000
69%
387 United Kingdom Newcastle 1,490,000
69%
214 United States Salt Lake City 2,525,000
69%
216 Japan Sapporo 2,500,000
69%
415 Russia Volgograd 1,400,000
69%
255 Kazakhstan Almaty 2,175,000
67%
142 Mali Bamako 3,675,000
67%
401 Ukraine Donetsk 1,440,000
67%
370 United States Milwaukee 1,550,000
67%
494 Germany Nuremberg 1,200,000
67%
118 Brazil Porto Alegre 4,150,000
67%
38 China Xiamen 10,200,000
67%
171 Ecuador Guayaquil 3,200,000
65%
90 China Harbin 5,150,000
65%
237 Poland Katowice 2,325,000
65%
243 Brazil Manaus 2,250,000
65%
431 Niger Niamey 1,350,000
65%
363 United Kingdom Sheffield 1,570,000
65%
73 Indonesia Surabaya 6,150,000
65%
401 Turkmenistan Ashgabat 1,440,000
63%
46 China Hangzhou 8,600,000
63%
124 India Jaipur 4,050,000
63%
363 Bahrain Manama 1,570,000
63%
351 Chad Ndjamena 1,610,000
63%
443 Mauritania Nouakchott 1,310,000
63%
335 United States Raleigh 1,690,000
63%
83 Germany The Ruhr 5,650,000
63%
64 Indonesia Bandung 7,050,000
62%
243 Brazil Belém 2,250,000
62%
330 Nigeria Benin City 1,700,000
62%
98 Bangladesh Chittagong 5,000,000
62%
339 Argentina Córdoba 1,680,000
62%
380 Algeria Oran 1,510,000
62%
420 South Africa Port Elizabeth 1,380,000
62%
342 Russia Yekaterinburg 1,670,000
62%
435 Turkey Antalya 1,340,000
60%
268 Turkey Bursa 2,125,000
60%
197 Japan Fukuoka 2,750,000
60%
167 Iran Isfahan 3,250,000
60%
467 Russia Kazan 1,260,000
60%
448 Russia Rostov-on-Don 1,300,000
60%
51 China Shenyang 8,100,000
60%
271 Mexico Tijuana 2,100,000
60%
415 Russia Chelyabinsk 1,400,000
58%
106 China Dalian 4,625,000
58%
167 Iran Mashhad 3,250,000
58%
403 Iraq Mosul 1,430,000
58%
67 China Nanjing 6,700,000
58%
420 United Kingdom Nottingham 1,380,000
58%
330 Russia Novosibirsk 1,700,000
58%
255 Bolivia Santa Cruz 2,175,000
58%
65 India Surat 6,900,000
58%
116 China Ürümqi 4,175,000
58%
231 India Agra 2,350,000
56%
366 Iraq Basra 1,560,000
56%
156 Brazil Curitiba 3,450,000
56%
359 Indonesia Denpasar 1,580,000
56%
420 Ukraine Dnepropetrovsk 1,380,000
56%
469 Kenya Mombassa 1,250,000
56%
420 Argentina Rosario 1,380,000
56%
448 Russia Samara 1,300,000
56%
306 Benin Cotonou 1,890,000
54%
199 South Korea Daegu 2,725,000
54%
156 Cameroon Douala 3,450,000
54%
255 Malaysia George Town 2,175,000
54%
142 Nigeria Ibadan 3,675,000
54%
204 Venezuela Maracaibo 2,675,000
54%
126 Mexico Puebla 4,025,000
54%
302 United States San Juan 1,920,000
54%
162 Colombia Barranquilla 2,150,000
52%
431 United States Buffalo 1,350,000
52%
193 Philappines Cebu 2,775,000
52%
135 India Lucknow 3,800,000
52%
122 Indonesia Medan 4,075,000
52%
72 China Qingdao 6,250,000
52%
350 United States Virginia Beach 1,620,000
52%
354 Myanmar Mandalay 1,600,000
50%
148 Pakistan Rawalpindi 3,550,000
50%
138 India Faisalabad 3,750,000
48%
330 Turkey Gaziantep 1,700,000
48%
93 China Hefei 5,100,000
48%
317 Iran Shiraz 1,800,000
48%
324 Turkey Adana 1,750,000
46%
95 China Changsha 5,050,000
46%
120 China Fuzhou 4,100,000
46%
221 Brazil Goiânia 2,450,000
46%
149 India Kanpur 3,500,000
46%
176 Ghana Kumasi 3,075,000
46%
113 China Kunming 4,325,000
46%
262 Mexico León 2,150,000
46%
359 Germany Mannheim 1,580,000
46%
159 India Nagpur 3,325,000
46%
147 China Nanning 3,575,000
46%
403 Brazil Natal 1,430,000
46%
224 Nigeria Port Harcourt 2,425,000
46%
54 China Shantou 7,750,00
46%
93 China Zhengzhou 5,100,000
46%
220 India Bhopal 2,475,000
44%
211 Saudi Arabia Dammam 2,575,000
44%
354 Philippines Davao 1,600,000
44%
438 Turkey Konya 1,330,000
44%
221 D.R. Congo Lubumbashi 2,450,000
44%
441 Iran Qom 1,320,000
44%
397 Brazil São Luís 1,450,000
44%
88 China Wenzhou 5,400,000
44%
167 Brazil Campinas 3,250,000
42%
164 India Indore 3,275,000
42%
193 Taiwan Kaohsiung 2,775,000
42%
366 Mexico Ciudad Juárez 1,560,000
40%
335 United States Hartford 1,690,000
40%
376 Inida Jodhpur 1,520,000
40%
255 D.R. Congo Mbuji-Mayi 2,175,000
40%
159 China Ningbo 3,325,000
40%
314 Iran Tabriz 1,850,000
40%
213 Mexico Toluca 2,550,000
40%
496 Nigeria Aba 1,180,000
38%
138 China Changchun 3,750,000
38%
467 Mexico Mérida 1,260,000
38%
130 China Nanchang 3,975,000
38%
199 India Patna 2,725,000
38%
477 Honduras San Pedro Sula 1,230,000
38%
294 India Varanasi 1,970,000
38%
482 Morocco Agadir 1,220,000
37%
193 India Coimbatore 2,775,000
37%
287 Japan Kitakyushu 2,000,000
37%
184 China Lanzhou 2,925,000
37%
326 Indonesia Palembang 1,740,000
37%
224 Pakistan Peshawar 2,425,000
37%
322 Brazil Santos 1,760,000
37%
103 China Shijiazhuang 4,800,000
37%
496 China Suzhou 1,180,000
37%
116 China Taiyuan 4,175,000
37%
146 China Zibo 3,600,000
37%
443 Venezuela Barquisimeto 1,310,000
35%
224 India Chandigarh 2,425,000
35%
188 Pakistan Gujranwala 2,875,000
35%
107 China Jinan 4,600,000
35%
262 Pakistan Multan 2,150,000
35%
382 Japan Sendai 1,500,000
35%
455 United States Stockton 1,290,000
35%
243 India Vadodara 2,250,000
35%
294 Indonesia Yogyakarta 1,970,000
35%
376 Philappines Angeles 1,520,000
33%
205 China Anshan 2,650,000
33%
427 Bolivia Cochabamba 1,360,000
33%
354 South Korea Gwangju 1,600,000
33%
370 China Jilin 1,550,000
33%
268 China Linyi 2,125,000
33%
469 Nigeria Maiduguri 1,250,000
33%
302 Indonesia Makassar 1,920,000
33%
496 Pakistan Quetta 1,180,000
33%
343 Indonesia Surakarta 1,650,000
33%
224 Taiwan Taichung 2,425,000
33%
413 Iran Ahvaz 1,410,000
31%
403 India Amritsar 1,430,000
31%
158 China Guiyang 3,400,000
31%
443 Japan Hamamatsu 1,310,000
31%
298 Nigeria Kaduna 1,940,000
31%
411 India Kotā 1,420,000
31%
320 India Meerut 1,780,000
31%
255 Japan Okayama 2,175,000
31%
474 Nigeria Onitsha 1,240,000
31%
443 Mexico San Luis Potosí 1,310,000
31%
346 India Srinagar 1,640,000
31%
243 India Vishakhapatnam 2,250,000
31%
310 Brazil Vitória 1,870,000
31%
374 China Wuhu 1,530,000
31%
183 China Xuzhou 2,950,000
31%
243 China Yantai 2,250,000
31%
314 India Aurangabad 1,850,000
29%
305 China Haikou 1,900,000
29%
327 China Handan 1,730,000
29%
302 China Hohhot 1,920,000
29%
281 China Huai'an 2,025,000
29%
351 India Kochi 1,610,000
29%
287 India Ludhiana 2,000,000
29%
316 India Madurai 1,820,000
29%
277 China Nantong 2,050,000
29%
482 Rep. of the Congo Pointe-Noire 1,220,000
29%
297 India Rajkot 1,950,000
29%
180 China Tangshan 2,975,000
29%
273 India Vijayawada 2,075,000
29%
460 India Alīgarh 1,280,000
27%
387 India Allahabad 1,490,000
27%
324 China Anyang 1,750,000
27%
346 India Āsansol 1,640,000
27%
397 Indonesia Batam 1,450,000
27%
180 India Bhilai 2,975,000
27%
281 China Cixi 2,025,000
27%
376 South Korea Daejeon 1,520,000
27%
366 China Ganzhou 1,560,000
27%
403 India Gwalior 1,430,000
27%
188 China Huizhou 2,875,000
27%
330 India Jamshedpur 1,700,000
27%
489 D.R. Congo Kananga 1,210,000
27%
277 China Liuzhou 2,050,000
27%
322 Indonesia Malang 1,760,000
27%
403 Venezuela Maracay 1,430,000
27%
438 United States McAllen 1,330,000
27%
392 Inida Ranchi 1,470,000
27%
241 Indonesia Semarang 2,275,000
27%
277 China Weifang 2,050,000
27%
427 China Zhuzhou 1,360,000
27%
243 China Baotou 2,250,000
25%
460 Colombia Bucaramanga 1,280,000
25%
489 Vietnam Da Nang 1,210,000
25%
339 China Datong 1,680,000
25%
294 China Huainan 1,970,000
25%
448 India Morādābād 1,300,000
25%
262 India Nasik 2,150,000
25%
443 Taiwan Tainan 1,310,000
25%
255 China Xinxiang 2,175,000
25%
317 China Zhuhai 1,800,000
25%
162 China Baoding 2,150,000
23%
494 China Changde 1,200,000
23%
343 China Daqing 1,650,000
23%
363 China Huaibei 1,570,000
23%
482 Bangladesh Khulna 1,220,000
23%
469 India Mysore 1,250,000
23%
469 Indonesia Pekanbaru 1,250,000
23%
413 China Putian 1,410,000
23%
231 China Taizhou 2,350,000
23%
354 China Bengbu 1,600,000
21%
415 India Dhanbad 1,400,000
21%
435 United States Harrisburg 1,340,000
21%
205 China Luoyang 2,650,000
21%
448 China Nanyang 1,300,000
21%
292 China Yangzhou 1,900,000
21%
330 China Yiwu 1,700,000
21%
431 India Bareilly 1,350,000
19%
298 India Bhubaneswar 1,940,000
19%
380 India Jabalpur 1,510,000
19%
464 China Jining 1,270,000
19%
489 Japan Naha 1,210,000
19%
373 Mexico Querétaro 1,540,000
19%
387 China Tai'an 1,490,000
19%
477 India Tiruchirappalli 1,230,000
19%
391 China Yinchuan 1,480,000
19%
374 China Zhangjiakou 1,530,000
19%
482 Indonesia Bandar Lampung 1,220,000
17%
415 Thailand Chonburi 1,400,000
17%
392 China Maoming 1,470,000
17%
424 Mexico Torreón 1,370,000
17%
329 China Hengyang 1,720,000
15%
424 China Qinhuangdao 1,370,000
15%
397 India Tiruppur 1,450,000
15%
214 China Jiangyin 2,525,000
13%
395 China Yancheng 1,460,000
13%
460 Angola Benguela 1,280,000
12%
348 China Guilin 1,630,000
12%
474 China Nanchong 1,240,000
12%
482 China Weihai 1,220,000
12%
382 China Xining 1,500,000
12%
464 China Rizhao 1,270,000
8%
411 China Yichang 1,420,000
8%
489 China Ma'anshan 1,210,000
6%
455 China Mianyang 1,290,000
6%
298 China Xiangyang 1,940,000
6%
435 China Zhanjiang 1,340,000
6%
474 China Baoji 1,240,000
4%
464 China Fuyang 1,270,000
4%
496 China Lianyungang 1,180,000
4%
359 China Xingtai 1,580,000
4%
460 China Zunyi 1,280,000
4%
382 China Jiaozuo 1,500,000
2%
469 China Jingzhou 1,250,000
2%
482 Indonesia Karawang 1,220,000
2%
403 China Xiangtan 1,430,000
2%
No matching quizzes found
Score Distribution
Percent of People with Each Score
Percentile by Number Answered
Your Score History
You have not taken this quiz